Etický kódex obchodu

Potreba vytvorenia etických pravidiel pre obchodovanie na Slovensku. Etický kódex by sa mal stať základným dokumentom Zväzu obchodu SR. Členstvo v Etickom klube obchodníkov. Ciele kódexu.

Guardado en:
Detalles Bibliográficos
Autor principal: Határová, Dagmar
Formato: Capítulo de libro
Lenguaje:eslovaco
Materias:
Etiquetas: Agregar Etiqueta
Sin Etiquetas, Sea el primero en etiquetar este registro!

MARC

LEADER 00000naa a2200000 4500
001 r040499
005 20231003111336.9
041 0 |a slo 
044 |a SK 
245 1 0 |a Etický kódex obchodu  |c Dagmar Határová 
520 |a Potreba vytvorenia etických pravidiel pre obchodovanie na Slovensku. Etický kódex by sa mal stať základným dokumentom Zväzu obchodu SR. Členstvo v Etickom klube obchodníkov. Ciele kódexu. 
610 2 0 |a obchod 
610 2 0 |a etika 
610 2 0 |a kódexy etické 
610 2 0 |a obchodníci 
100 1 |a Határová, Dagmar